000 nam a22 a 4500
999 _c163257
_d163257
003 BLK
005 20220616154814.0
008 180410b bul|||||r ||||||| ||bul||
010 _aKNG00170662000
040 _aBLK
041 _aBUL
_cBUL
080 _aФлора. География на растенията (фитогеография). Подразделя се с общите определители на място (Табл. Іe). Вж и 581.5
_b581.9
_z581.9
100 1 _aВавилов, Николай Иванович
_eпърви автор
_9381935
139 _aВавилов, Николай Иванович
_bВ 12
245 1 0 _aПет континента
_cНиколай Иванович Вавилов; прев. от рус. Кира Г. Андрейчина.
257 _aSUN
260 _bЗемиздат
_c1968
_aСофия
300 _a256 с., 16 л.
_bил.
_c22 см
380 _a5
490 _aИз света на растенията
_9203638
650 4 _aФлора
_9175889
653 _aфлора
653 _aрастения
653 _aботаника
700 1 _aАндрейчина, Кира Г.
_eпрев. от рус.
_9335909
852 _aЦб 47094
856 4 _qpdf
856 4 _qpdf
942 _cKNG
_n0
_s1
944 _aCR
_c31.01.2015
_l31.01.2015 - от С1,Р / 31.01.2015
_kКамелия_Данева
944 _aED
_c31.01.2015
_l31.01.2015 - от С1,Р / 31.01.2015
999 _d163257